Nghiên cứu cơ chế ảnh hưởng của quang kỳ trên lúa mùa : Luận văn tốt nghiệp cao học. Ngành Khoa học Cây trồng
Tìm hiểu cơ chế để giải thích nguyên nhân gây ra hiện tượng giống lúa Nàng Thơm không trổ bông.
Guardado en:
| Autor principal: | |
|---|---|
| Formato: | Libro |
| Lenguaje: | Undetermined |
| Publicado: |
Cần thơ
Trường Đại học Cần Thơ
2013
|
| Materias: | |
| Etiquetas: |
Agregar Etiqueta
Sin Etiquetas, Sea el primero en etiquetar este registro!
|
| Thư viện lưu trữ: | Trung tâm Học liệu Trường Đại học Cần Thơ |
|---|
| LEADER | 00939nam a2200217Ia 4500 | ||
|---|---|---|---|
| 001 | CTU_185259 | ||
| 008 | 210402s9999 xx 000 0 und d | ||
| 082 | |a 633.18 | ||
| 082 | |b Th107 | ||
| 088 | |a 606201 | ||
| 100 | |a Võ, Thị Ngọc Thanh | ||
| 245 | 0 | |a Nghiên cứu cơ chế ảnh hưởng của quang kỳ trên lúa mùa : | |
| 245 | 0 | |b Luận văn tốt nghiệp cao học. Ngành Khoa học Cây trồng | |
| 245 | 0 | |c Võ Thị Ngọc Thanh ; Võ Công Thành (cán bộ hướng dẫn) | |
| 260 | |a Cần thơ | ||
| 260 | |b Trường Đại học Cần Thơ | ||
| 260 | |c 2013 | ||
| 520 | |a Tìm hiểu cơ chế để giải thích nguyên nhân gây ra hiện tượng giống lúa Nàng Thơm không trổ bông. | ||
| 650 | |a Quang kỳ,Rice,Photoperiodism,Lúa | ||
| 910 | |a Trúc | ||
| 980 | |a Trung tâm Học liệu Trường Đại học Cần Thơ | ||